Giáo trình GiaÌo duÌ£c hoÌ£c Dành cho sinh viên Đại học sư phạm T.2
Gồm 2 phần. Ph.1: Lí luận giáo học; Ph.2: Quản lí giáo dục trong nhà trường ; KHQL Lý luận dạy học
Đã lưu trong:
| 主要作者: | |
|---|---|
| 其他作者: | |
| 格式: | 圖書 |
| 語言: | Undetermined |
| 出版: |
H.
ĐaÌ£i hoÌ£c Sư phạm
2011
|
| 主題: | |
| 在線閱讀: | http://lrc.tdmu.edu.vn/opac/search/detail.asp?aID=2&ID=17880 |
| 標簽: |
添加標簽
沒有標簽, 成為第一個標記此記錄!
|
| Thư viện lưu trữ: | Trung tâm Học liệu Trường Đại học Thủ Dầu Một |
|---|
| LEADER | 00960nam a2200241Ia 4500 | ||
|---|---|---|---|
| 001 | TDMU_17880 | ||
| 008 | 210410s9999 xx 000 0 und d | ||
| 082 | |a 370.1 | ||
| 090 | |b TR121 | ||
| 100 | |a Trần, Thị Tuyết Oanh | ||
| 245 | 0 | |a Giáo trình GiaÌo duÌ£c hoÌ£c | |
| 245 | 0 | |b Dành cho sinh viên Đại học sư phạm | |
| 245 | 0 | |c Trần Thị Tuyết Oanh (chủ biên) và [nh.ng. khác] | |
| 245 | 0 | |n T.2 | |
| 260 | |a H. | ||
| 260 | |b ĐaÌ£i hoÌ£c Sư phạm | ||
| 260 | |c 2011 | ||
| 300 | |a 295tr. | ||
| 520 | |a Gồm 2 phần. Ph.1: Lí luận giáo học; Ph.2: Quản lí giáo dục trong nhà trường ; KHQL Lý luận dạy học | ||
| 650 | |a GiaÌo duÌ£c hoÌ£c |v Giáo trình | ||
| 700 | |a Phạm, Khắc Chương | ||
| 856 | |u http://lrc.tdmu.edu.vn/opac/search/detail.asp?aID=2&ID=17880 | ||
| 980 | |a Trung tâm Học liệu Trường Đại học Thủ Dầu Một | ||